00556 a2200169 450000500170000001000150001702000290003203500140006103700160007508200150009110000180010624500700012425000090019426000580020327001030026130000220036420211216101412.0 aENG-130346 c940.00a978-81-94991-311 aEN-113878 bDBAD / PUB a583.930954 aDatta, Anukul aFascicles of Flora of India Fascicle 30 Apocynaceae:cAnukul Data a2021 bThe Director Botanical Survey of Indiac2021aKolkata bKolkataaCGO Complex 3rd MSO Building, Block-F, 5th & 6th Floor, DF-Block, Sector-I, Salt e700064 a306p.c24cm (hbk)